Normal view
MARC view
Entry Topical Term
001 - CONTROL NUMBER
- control field: 10533
003 - CONTROL NUMBER IDENTIFIER
- control field: HDC
005 - DATE AND TIME OF LATEST TRANSACTION
- control field: 20230624073332.0
008 - FIXED-LENGTH DATA ELEMENTS
- fixed length control field: 210204|| aca||aabn | a|a d
040 ## - CATALOGING SOURCE
- Original cataloging agency: HDC
- Transcribing agency: HDC
150 ## - HEADING--TOPICAL TERM
- Topical term or geographic name entry element: meat wholesaler
670 ## - SOURCE DATA FOUND
- Source citation: Work cat.: (HDC): The Asian Bridging the Gap 10532, Halal Meat Wholesaler Penalized For Sham Certification, [no year]
